NFl First Team All Pro Quarterbacks Pre-Merger - Statistics

General Stats
  • This quiz has been taken 109 times
  • The average score is 22 of 31
Answer Stats
Year Team Quarterback % Correct
1967 Colts Johnny Unitas
99%
1965 Colts Johnny Unitas
99%
1964 Colts Johnny Unitas
99%
1959 Colts Johnny Unitas
99%
1958 Colts Johnny Unitas
99%
1955 Browns Otto Graham
86%
1954 Browns Otto Graham
86%
1953 Browns Otto Graham
86%
1951 Browns Otto Graham
86%
1949 Browns Otto Graham
86%
1948 Browns Otto Graham
86%
1966 Packers Bart Starr
84%
1963 Giants Y. A. Tittle
78%
1962 Giants Y. A. Tittle
78%
1957 49ers Y. A. Tittle
78%
1940 Redskins Sammy Baugh
74%
1960 Eagles Norm Van Brocklin
72%
1947 Bears Sid Luckman
71%
1944 Bears Sid Luckman
71%
1943 Bears Sid Luckman
71%
1942 Bears Sid Luckman
71%
1941 Bears Sid Luckman
71%
1956 Lions Bobby Layne
67%
1952 Lions Bobby Layne
67%
1968 Colts Earl Morrall
58%
1969 Rams Roman Gabriel
58%
1946 Rams Bob Waterfield
34%
1945 Rams Bob Waterfield
34%
1961 Eagles Sonny Jurgensen
29%
1940 Dodgers Ace Parker
13%
1950 Bears Johnny Lujack
8%
No matching quizzes found
Score Distribution
Percent of People with Each Score
Percentile by Number Answered
Your Score History
You have not taken this quiz